| 000 | 00799nam a2200265 a 4500 | ||
|---|---|---|---|
| 003 | DO-SdBNP | ||
| 005 | 20240530073927.0 | ||
| 007 | ta | ||
| 008 | 220518e20112005sp ||||er|||| 000 fdspa d | ||
| 020 | _a9788492865406 | ||
| 040 |
_aDO-SdBNP _bspa _cBNPHU |
||
| 082 | 4 |
_222 _bH557p |
|
| 100 | 1 |
_aHernández, Rita Indiana, _d1977- _97082 |
|
| 245 | 1 | 0 |
_aPapi / _bRita Indiana. |
| 260 |
_aEspaña : _bEditorial Periférica, _c2011 |
||
| 300 |
_a220 p. ; _c21 cm. |
||
| 490 |
_aLargo Recorrido; _v26 |
||
| 500 | _aIncluye datos biográficos del autor en la solapa de la cubierta | ||
| 590 | _aInventariado 2022 / MF | ||
| 650 | 4 |
_aLiteratura _zRepública Dominicana _980984 |
|
| 650 | 0 |
_aNovela dominicana _9223 |
|
| 830 |
_aLargo Recorrido; _lspa _n26 _981637 |
||
| 910 | _aMFeliz | ||
| 942 |
_2ddc _cLBS1 |
||
| 999 |
_c51751 _d51751 |
||